000 00597nam a2200205 i 4500
001 100546
003 ES-MaACL
005 20230906182708.0
007 t|
008 050929s1917 it ||||1| ita d
100 1 _aMassenz, Arturo.
_978807
245 1 0 _aLavorazione e tempera degli acciai
_b: yudurimento superficiale del ferro e cementazione /
_cArturo Massenz.
250 _a3ยช ed.
260 _aMilano :
_bAllegretti,
_c1917.
300 _aXX, 184 p. ;
_c15 cm.
490 1 _aManuali Hoepli
830 0 _aManuali Hoepli
_9180782
852 _aES-MaACL
_jF-4563
999 _c100546
_d100546